Teachers Knowledge, Attitude and Practice (KAP) towards Children Mental Health Issues (Record no. 478779)

000 -LEADER
fixed length control field 00652nam a22002057a 4500
003 - CONTROL NUMBER IDENTIFIER
control field NUST
005 - DATE AND TIME OF LATEST TRANSACTION
control field 20230218150019.0
008 - FIXED-LENGTH DATA ELEMENTS--GENERAL INFORMATION
fixed length control field 180718b ||||| |||| 00| 0 eng d
020 ## - INTERNATIONAL STANDARD BOOK NUMBER
Qualifying information HBK.
038 ## - RECORD CONTENT LICENSOR
Staff Name Atta
082 ## - DEWEY DECIMAL CLASSIFICATION NUMBER
Classification number 616.89
100 ## - MAIN ENTRY--PERSONAL NAME
Relator code Javed, Marium
245 ## - TITLE STATEMENT
Title Teachers Knowledge, Attitude and Practice (KAP) towards Children Mental Health Issues
Statement of responsibility, etc. Marium Javed.
260 ## - PUBLICATION, DISTRIBUTION, ETC.
Place of publication, distribution, etc. Islamabad:
Name of publisher, distributor, etc. S3H - NUST,
Date of publication, distribution, etc. 2013.
300 ## - PHYSICAL DESCRIPTION
Extent 113 p. : ill. ;
Dimensions 30cm.
650 ## - SUBJECT ADDED ENTRY--TOPICAL TERM
Topical term or geographic name entry element Clinical Psychology - MS Thesis.
9 (RLIN) 18933
700 ## - ADDED ENTRY--PERSONAL NAME
Personal name Dr. Tamkeen Ashraf Malik.
9 (RLIN) 18937
856 ## - ELECTRONIC LOCATION AND ACCESS
Uniform Resource Identifier <a href="http://10.250.8.41:8080/xmlui/handle/123456789/3641">http://10.250.8.41:8080/xmlui/handle/123456789/3641</a>
942 ## - ADDED ENTRY ELEMENTS (KOHA)
Source of classification or shelving scheme
Koha item type Thesis
Holdings
Withdrawn status Lost status Source of classification or shelving scheme Damaged status Not for loan Permanent Location Current Location Shelving location Date acquired Full call number Barcode Date last seen Price effective from Koha item type
          Central Library (CL) Central Library (CL) Thesis 08/01/2019 616.89 CL-T-3001 08/02/2019 08/01/2019 Thesis
© 2023 Central Library, National University of Sciences and Technology. All Rights Reserved.